LEADER 00968nam0-22003131i-450- 001 990000098220403321 035 $a000009822 035 $aFED01000009822 035 $a(Aleph)000009822FED01 035 $a000009822 100 $a20011111d--------km-y0itay50------ba 101 0 $aita 105 $ay-------001yy 200 1 $aArch design simplified$ea text book on the rapid and economical design of arch bridges including 33 tables andillustrative designs. 210 $aLondon$cConcrete publications limited$d1945 215 $aVI, 61 p., 5 tav.$cill.$d23 cm 225 1 $aConcrete series 610 0 $aArchi in cemento armato 610 0 $aPonti in cemento armato$aArchi 676 $a624.2 700 1$aFairhurst,$bW. A.$0332933 801 0$aIT$bUNINA$gRICA$2UNIMARC 901 $aBK 912 $a990000098220403321 952 $a13 M 22 09$b22644$fFINBC 959 $aFINBC 996 $aArch design simplified$9116044 997 $aUNINA DB $aING01